|
|
|
|
| LEADER |
01621nam a22004214a 4500 |
| 001 |
EBC459640 |
| 003 |
MiAaPQ |
| 005 |
20200520144314.0 |
| 006 |
m o d | |
| 007 |
cr cn||||||||| |
| 008 |
070510s2007 dcua sb i001 0 eng |
| 010 |
|
|
|z 2007019889
|
| 020 |
|
|
|z 9780821371992 (alk. paper)
|
| 020 |
|
|
|z 0821371991 (alk. paper)
|
| 020 |
|
|
|z 9780821372005
|
| 020 |
|
|
|z 0821372009
|
| 035 |
|
|
|a (MiAaPQ)EBC459640
|
| 035 |
|
|
|a (Au-PeEL)EBL459640
|
| 035 |
|
|
|a (CaPaEBR)ebr10369815
|
| 035 |
|
|
|a (CaONFJC)MIL100097
|
| 035 |
|
|
|a (OCoLC)728058924
|
| 040 |
|
|
|a MiAaPQ
|c MiAaPQ
|d MiAaPQ
|
| 050 |
|
4 |
|a LC1085
|b .M63 2007
|
| 082 |
0 |
4 |
|a 371.19/5
|2 22
|
| 245 |
0 |
0 |
|a Mobilizing the private sector for public education
|h [electronic resource] :
|b a view from the trenches /
|c Harry Anthony Patrinos, Shobhana Sosale, editors.
|
| 260 |
|
|
|a Washington, DC :
|b World Bank,
|c c2007.
|
| 300 |
|
|
|a xi, 88 p. :
|b ill.
|
| 490 |
1 |
|
|a Directions in development. Human development
|
| 504 |
|
|
|a Includes bibliographical references and index.
|
| 533 |
|
|
|a Electronic reproduction. Ann Arbor, MI : ProQuest, 2015. Available via World Wide Web. Access may be limited to ProQuest affiliated libraries.
|
| 650 |
|
0 |
|a Business and education.
|
| 650 |
|
0 |
|a Public-private sector cooperation.
|
| 655 |
|
4 |
|a Electronic books.
|
| 700 |
1 |
|
|a Patrinos, Harry Anthony.
|
| 700 |
1 |
|
|a Sosale, Shobhana,
|d 1963-
|
| 710 |
2 |
|
|a ProQuest (Firm)
|
| 830 |
|
0 |
|a Directions in development (Washington, D.C.).
|p Human development.
|
| 856 |
4 |
0 |
|u https://ebookcentral.proquest.com/lib/matrademy/detail.action?docID=459640
|z Click to View
|